000 00811nam a2200241 a 4500
001 000012556
005 20240412074233.0
008 091113s2004 dr 000 j spa d
020 _a9993442232
040 _aDO-SdBNP
_bspa
_cBNPHU
082 _aRD863.44
_bM553c
100 1 _aMercedes Polanco, José
_929262
245 1 0 _aConfabulación en el tiempo /
_cJosé Mercedes Polanco.
260 _aSanto Domingo :
_bDirección General Feria del Libro,
_c2004.
300 _a99 p. ;
_c22 cm.
490 1 _aEdiciones Ferilibro
_v58
500 _aPrimer premio de cuentos René del Risco Bermúdez 2003
590 _aInventariado, 2019/BT
650 0 _aCuentos dominicanos
_9176
650 0 _aLiteratura dominicana.
_967
830 0 _aEdiciones Derilibro
_v58
_929263
910 _aValidado. Control de calidad MFF
999 _c12211
_d12211